Score 0/16 Timer 03:00
0 Plays Today
Scrambled Word Unscrambled Word % Correct
IALTTail
94.1%
BUBLBulb
93.6%
EHDAHead
93.5%
YRAEYear
84.4%
CTIWHSSwitch
74.5%
OSHEUHouse
72.1%
NNOENeon
71.6%
Common Word Shared by Above WordsLIGHT/LIGHTS
61.1%
Scrambled Word Unscrambled Word % Correct
EWITGHWeight
54.4%
FYADIR HIGTNFriday Night
52.2%
BELISIVVisible
47.9%
SERABSaber
35.5%
NNOHRTERNorthern
35.2%
ARCFTFITraffic
27.6%
IDRBAEGBrigade
15.7%
SIEEVITSNSensitive
3.9%

You're not logged in!

Compare scores with friends on all Sporcle quizzes.
OR
Log In

Sporcle TV

Today on Sporcle TV


Watch our educational content, quiz creation guides, and fun videos on Sporcle TV.

Show Comments

Extras

Top Quizzes Today


Score Distribution

Your Account Isn't Verified!

In order to create a playlist on Sporcle, you need to verify the email address you used during registration. Go to your Sporcle Settings to finish the process.

Report this User

Report this user for behavior that violates our Community Guidelines.

Details: